|
|
|
|
| LEADER |
01548nam a2200289 a 4500 |
| 001 |
11832862 |
| 008 |
091219s1999 ii a b 101 0 eng d |
| 010 |
|
|
|a 99938319
|
| 020 |
|
|
|a 1853394211
|
| 020 |
|
|
|a 8170368553 (India : unbound)
|
| 040 |
|
|
|a DLC
|c DLC
|d BD-DhAAL
|
| 082 |
|
|
|a 305.42/091724
|2 21
|
| 245 |
0 |
4 |
|a The Myth of community :
|b gender issues in participatory development /
|c edited by Irene Guijt and Meera Kaul Shah.
|
| 260 |
|
|
|a New Delhi :
|b Vistaar Publications, ;
|a London :
|b Intermediate Technology publications,
|c 1998.
|
| 300 |
|
|
|a xx, 282 p. :
|b ill. ;
|c 26 cm.
|
| 504 |
|
|
|a Includes bibliographical references and index.
|
| 541 |
1 |
|
|e 00007369
|
| 650 |
|
0 |
|a Women in development.
|
| 650 |
|
0 |
|a Women
|z Developing countries
|x Social conditions.
|
| 650 |
|
0 |
|a Women
|z Developing countries
|x Economic conditions.
|
| 700 |
1 |
|
|a Guijt, Irene.
|
| 700 |
1 |
|
|a Shah, Meera Kaul.
|
| 852 |
4 |
|
|a Ayesha Abed Library
|j General shelf
|
| 999 |
|
|
|c 6205
|d 6205
|
| 952 |
|
|
|0 0
|1 0
|2 ddc
|4 0
|6 305_420917240000000_MYT_1998
|7 0
|9 6229
|a BRACUL
|b BRACUL
|c GEN
|d 2009-12-20
|g 0.00
|l 0
|o 305.42091724 MYT
|p 3010007369
|r 2009-12-20
|t 1
|w 2009-12-20
|y BK
|x No price found in the accession register.
|
| 952 |
|
|
|0 0
|1 0
|2 ddc
|4 0
|6 305_420917240000000_MYT_1998
|7 0
|9 6230
|a BRACUL
|b BRACUL
|c GEN
|d 2009-12-20
|g 0.00
|l 0
|o 305.42091724 MYT
|p 3010007368
|r 2009-12-20
|t 2
|w 2009-12-20
|y BK
|x No price found in the accession register.
|
| 952 |
|
|
|0 0
|1 0
|2 ddc
|4 0
|6 305_420917240000000_MYT
|7 0
|9 24246
|a SCL
|b SCL
|c GEN
|d 2000-01-22
|l 1
|o 305.42091724 MYT
|p 3020002690
|r 2025-08-31
|s 2025-08-20
|t 3
|w 2014-04-28
|y BK
|